000 00723nam a2200289Ia 4500
005 20260324133112.0
008 008 260324s9999 xx 000 0 eng d
020 _a9780203987193
037 _aEBOOK
040 _aCRL
040 _beng
040 _cCRL
041 _2eng
041 _aeng
084 _qCRL
100 _aFlemming Christiansen; Flemming Christiansen
_91191806
245 0 _aChinatown, Europe
245 3 _bAn Exploration of Overseas Chinese Identity in the 1990s
260 _bTaylor and Francis
260 _c2003
365 _a
365 _b230
856 _uhttp://www.taylorfrancis.com/books/9780203987193
942 _cEBOOK
999 _c1790551
_d1790551